| 000 | 00487nam a2200193Ia 4500 | ||
|---|---|---|---|
| 001 | 20306 | ||
| 003 | IN-NITTTR | ||
| 005 | 20251114233232.0 | ||
| 008 | 251113s9999||||xx |||||||||||||| ||eng|| | ||
| 040 | _beng | ||
| 040 | _cIN-NITTTR | ||
| 041 | _aeng | ||
| 082 | _a621 A95 | ||
| 100 | _aAgarwal, R. S. | ||
| 245 | 0 |
_aAdvances in mechanical engineering. / _cAgarwal, R. S., Mittal, R. N., Sekhon, G. S. |
|
| 700 | _a Mittal, R. N. | ||
| 700 | _a Sekhon, G. S. | ||
| 942 |
_2ddc _cBK |
||
| 999 |
_c22940 _d22940 |
||